| Tag |
First Indicator |
Second Indicator |
Subfields |
| LEADER |
00000cam a2200000 a 4500 |
| 001 |
in00000030315 |
| 005 |
20151007060259.0 |
| 008 |
860108s1986 gw a cb 00100 eng |
| 010 |
|
|
|a 86000730
|
| 020 |
|
|
|a 0870994654 (U.S.)
|
| 020 |
|
|
|a 0870994662 (pbk. : U.S.)
|
| 035 |
|
|
|a (OCoLC)13093758
|
| 035 |
|
|
|9 AAC0481AM
|
| 040 |
|
|
|a DLC
|c DLC
|d m/c
|d TXA
|d UtOrBLW
|
| 043 |
|
|
|a e-gw---
|
| 049 |
|
|
|a TXAM
|c [A11090992]
|
| 050 |
0 |
0 |
|a N6886.N86
|b G6 1986
|
| 082 |
0 |
|
|a 709/.43/32
|2 19
|
| 245 |
0 |
0 |
|a Gothic and Renaissance art in Nuremberg, 1300-1550 /
|c the Metropolitan Museum of Art, New York, Germanisches Nationalmuseum, Nuremberg.
|
| 264 |
|
1 |
|a Munich :
|b Prestel-Verlag ;
|a New York :
|b Metropolitan Museum of Art,
|c 1986.
|
| 300 |
|
|
|a 499 pages :
|b illustrations (some color) ;
|c 31 cm.
|
| 336 |
|
|
|a text
|b txt
|2 rdacontent
|
| 337 |
|
|
|a unmediated
|b n
|2 rdamedia
|
| 338 |
|
|
|a volume
|b nc
|2 rdacarrier
|
| 500 |
|
|
|a Catalog of an exhibition held at the Metropolitan Museum of Art, New York, April 8-June 22, 1986 and at the Germanisches Nationalmuseum, Nuremberg, July 24-Sept. 28, 1986.
|
| 504 |
|
|
|a Bibliography: pages 477-492.
|
| 500 |
|
|
|a Includes index.
|
| 650 |
|
0 |
|a Art, German
|z Germany
|z Nuremberg
|x Exhibitions.
|
| 650 |
|
0 |
|a Art, Gothic
|z Germany
|z Nuremberg
|x Exhibitions.
|
| 650 |
|
0 |
|a Art, Renaissance
|z Germany
|z Nuremberg
|x Exhibitions.
|
| 710 |
2 |
|
|a Metropolitan Museum of Art (New York, N.Y.)
|
| 710 |
2 |
|
|a Germanisches Nationalmuseum Nürnberg.
|
| 999 |
|
|
|a MARS
|
| 999 |
f |
f |
|s e99e5357-336b-3165-a0af-c2f759401163
|i b8c300b1-546c-3d7a-90bd-46e867687148
|t 0
|
| 952 |
f |
f |
|p normal
|a Texas A&M University
|b College Station
|c Sterling C. Evans Library
|d Evans: Library Stacks
|t 0
|e N6886.N86 G6 1986
|h Library of Congress classification
|i unmediated -- volume
|m A14811090992
|
| 998 |
f |
f |
|a N6886.N86 G6 1986
|t 0
|l Evans: Library Stacks
|